000
00309nam a2200121Ia 4500
008
220204s9999 xx 000 0 und d
082
_a
008 (100)
_b
BER
100
_a
BERRY, Leonard
245
0
_a
People places and change
260
_a
New York
_b
Holt Rinehart
_c
1976
700
_a
FORD, Richard B
942
_c
BK
999
_c
25411
_d
25411